000 00871nam a22002777a 4500
001 BR8303046
003 BR-BrBNA
005 20230928091703.0
007 ta
008 230509b bl.||||| |||| 00| 0 por d
040 _aBR-BrBNA
_bpor
_cBiblioteca Nacional de Agricultura
041 _a(Por)
072 _aK10; K20
_b/G514
090 _ K10 BR8303046
110 1 _aSecretaria do Planejamento, Ciencia e Tecnologia, Salvador, BA (Brasil). Centro de Estatistica e Informacoes
_99094
245 1 _aReflorestamento na Bahia. Avaliacao e perspectivas [producao florestal, politica florestal, Brasil]
260 3 _aSalvador, BA (Brasil):
_c1983.
300 _a64 p.
500 _a18 tables; 17 ref.
650 _aREFLORESTAMENTO
650 _aFLORESTA
650 _aPOLITICA FLORESTAL
650 _aBAHIA
909 _a202309
_bLucia
_c55
_dLucia Elande
942 _cBK
999 _c35016
_d35016